Manufacturing poly(lactic acid)/metal composites and their characterization; International Journal of Advanced Manufacturing Technology; Vol. 102, iss. 9-12

書誌詳細
Parent link:International Journal of Advanced Manufacturing Technology
Vol. 102, iss. 9-12.— 2019.— [P. 3213–3216]
第一著者: Lebedev S. M. Sergey Mikhailovich
団体著者: Национальный исследовательский Томский политехнический университет Инженерная школа новых производственных технологий Научно-образовательный центр "Технологии космического материаловедения"
要約:Title screen
The influence of metal powders on the rheological, thermal properties, and IR spectra of poly(lactic acid)/metal (PLA/metal) composites has been studied in this paper. It was found that loading of tungsten and lead powders into PLA results in the anomalous decrease in viscosity of composites. The melting point and decomposition temperature are decreased by 1.5–5.0 °C and 50–60 °C compared to those for neat PLA with filling.
Режим доступа: по договору с организацией-держателем ресурса
言語:英語
出版事項: 2019
主題:
オンライン・アクセス:https://doi.org/10.1007/s00170-019-03420-y
フォーマット: MixedMaterials 電子媒体 図書の章
KOHA link:https://koha.lib.tpu.ru/cgi-bin/koha/opac-detail.pl?biblionumber=660979

MARC

LEADER 00000naa0a2200000 4500
001 660979
005 20260424153917.0
035 |a (RuTPU)RU\TPU\network\31183 
090 |a 660979 
100 |a 20191114d2019 k||y0rusy50 ba 
101 0 |a eng 
102 |a US 
135 |a drcn ---uucaa 
181 0 |a i  
182 0 |a b 
200 1 |a Manufacturing poly(lactic acid)/metal composites and their characterization  |f S. M. Lebedev 
203 |a Text  |c electronic 
300 |a Title screen 
320 |a [References: p. 3216 (21 tit.)] 
330 |a The influence of metal powders on the rheological, thermal properties, and IR spectra of poly(lactic acid)/metal (PLA/metal) composites has been studied in this paper. It was found that loading of tungsten and lead powders into PLA results in the anomalous decrease in viscosity of composites. The melting point and decomposition temperature are decreased by 1.5–5.0 °C and 50–60 °C compared to those for neat PLA with filling. 
333 |a Режим доступа: по договору с организацией-держателем ресурса 
461 |t International Journal of Advanced Manufacturing Technology 
463 |t Vol. 102, iss. 9-12  |v [P. 3213–3216]  |d 2019 
610 1 |a электронный ресурс 
610 1 |a труды учёных ТПУ 
610 1 |a heavy metal powders 
610 1 |a poly(lactic acid) 
610 1 |a rheological properties 
610 1 |a FTIR spectra 
610 1 |a молочная кислота 
610 1 |a порошки 
610 1 |a тяжелые металлы 
610 1 |a реологические свойства 
610 1 |a спектры 
700 1 |a Lebedev  |b S. M.  |c physicist  |c Head of the laboratory of Tomsk Polytechnic University, Doctor of technical sciences  |f 1954-  |g Sergey Mikhailovich  |3 (RuTPU)RU\TPU\pers\34631  |9 17993 
712 0 2 |a Национальный исследовательский Томский политехнический университет  |b Инженерная школа новых производственных технологий  |b Научно-образовательный центр "Технологии космического материаловедения"  |3 (RuTPU)RU\TPU\col\25018 
801 2 |a RU  |b 63413507  |c 20191114  |g RCR 
856 4 |u https://doi.org/10.1007/s00170-019-03420-y 
942 |c CF